Statistiques concernant Associez le Chanteur à son Groupe de Rock - Clic Quiz

Cliquez ici pour prendre le quiz!

Statistiques générales

  • Ce quiz a été pris 500 fois
  • Le résultat moyen est 12 sur 25

Statistiques - réponses

HintRéponse% Correct
Freddie MercuryQueen
93%
John LennonThe Beatles
92%
Kurt CobainNirvana
89%
Mick JaggerThe Rolling Stones
81%
StingThe Police
72%
BonoU2
72%
Axl RoseGuns N' Roses
71%
Jim MorrisonThe Doors
67%
Dolores O'RiordanThe Cranberries
50%
Steven TylerAerosmith
49%
Robert PlantLed Zeppelin
46%
Roger WatersPink Floyd
43%
Peter GabrielGenesis
42%
Brian JohnsonAC/DC
40%
Eric ClaptonCream
39%
Robert SmithThe Cure
37%
Thom YorkeRadiohead
36%
Anthony KiedisRed Hot Chili Peppers
36%
Lou ReedThe Velvet Underground
36%
MorrisseyThe Smiths
29%
David Lee RothVan Halen
22%
Eddie VedderPearl Jam
21%
Roger DaltreyThe Who
21%
Ian GillanDeep Purple
18%
Black FrancisPixies
15%

Distribution des résultats

Percentile par nombre de réponses

% des personnes avec chaque résultat

Votre développement - résultats

Vous n’avez pas pris ce quiz